000 00583nam a2200145Ia 4500
008 140724s9999 xx 000 0 und d
050 _aLB 1027.5
_b.B352 2010
100 _aBautista, Marian Grace D.
245 4 _aThe degree of improvement on social skills of children with autism in relation to music therapy at Ann Arbor Montessori Learning Center /
_cMarian Grace D. Bautista.
260 _aLas PiƱas, Philippines :
_bSouthville International School and Colleges,
_cc2010.
300 _a98 p. :
_bill. ;
_c28 cm.
521 _aSpecial Education
942 _cTH
999 _c228982
_d228982